000 00662cam a2200205 a 4500
020 _a0471576794
040 _cDLC
082 0 0 _a332 WIL 1994 C151 Or.
100 1 _aBauer, Richard J.,
245 1 0 _aGenetic algorithms and investment strategies /
260 _aNew York :
_bWiley,
_cc1994.
300 _aix, 308 p. :
_bill. ;
_c24 cm.
650 0 _aInvestments
650 0 _aInvestment analysis
650 0 _aGenetic algorithms.
856 4 2 _uhttp://www.loc.gov/catdir/bios/wiley044/93011984.html
856 4 2 _uhttp://www.loc.gov/catdir/description/wiley037/93011984.html
856 4 _uhttp://www.loc.gov/catdir/toc/onix03/93011984.html
942 _cAEDBB
999 _c18695
_d18695